All Warioware games - Statistics

General Stats
  • This quiz has been taken 25 times
    23 since last reset
  • The average score is 8 of 11
Answer Stats
Hint Answer % Correct
Wii warioware smooth moves
94%
Switch warioware get it together
88%
3DS warioware gold
88%
Wii U game and wario
81%
GBA Warioware inc
81%
DS warioware touched
81%
DS warioware diy
75%
Switch warioware move it
75%
GBA warioware twisted
69%
Gamecube Warioware mega party games
50%
DSI Warioware Snapped
50%
No matching quizzes found
Score Distribution
Percent of People with Each Score
Percentile by Number Answered
Your Score History
You have not taken this quiz since the last reset